00773nam a22002177a 450000500170000001000130001702000230003003500130005303700160006604000120008208200130009424500860010726000450019327000690023830000310030765000310033870000210036994200220039099900190041295201240043120170124110206.0 aB-060590 c245.00a8186877223 aB-060590 bCen Lib/Ret adplbEN a000bMBA aPopular master guide to M.B.A. :cby R. Gupta...[et al.]bentrance examinations / aNew DelhibRamesh publishing housec2003 a12-H, New daryaganj road, Opp traffic kotwalibNew Delhie110002 avarious pagings c22cm(Hb) aExamination guide 9107647 aGupta, R. 92309 2ddccENh000mMBA c133218d133218 00104070aLbLd2015-07-25eCen Lib/Retg245.00l0o000 MBApB-060590r2015-07-25 00:00:00t1v245.00w2016-09-15yEN